Annual review of astronomy and astrophysics (Record no. 14380)

MARC details
000 -LEADER
fixed length control field 00645nam a2200205Ia 4500
003 - CONTROL NUMBER IDENTIFIER
control field IN-BaIIA
008 - FIXED-LENGTH DATA ELEMENTS--GENERAL INFORMATION
fixed length control field 211028s9999 xx 000 0 eng d
040 ## - CATALOGING SOURCE
Transcribing agency IIA Library
080 ## - UNIVERSAL DECIMAL CLASSIFICATION NUMBER
Universal Decimal Classification number 047.1:52
Item number ARA-39
245 #0 - TITLE STATEMENT
Title Annual review of astronomy and astrophysics
Remainder of title vol. 39
Statement of responsibility, etc. edited by Geoffrey Burbidge, Allan Sandage and Frank H. Shu
260 ## - PUBLICATION, DISTRIBUTION, ETC.
Place of publication, distribution, etc. California
Name of publisher, distributor, etc. Annual Reviews
Date of publication, distribution, etc. 2001
300 ## - PHYSICAL DESCRIPTION
Extent ix, 668p.
650 ## - SUBJECT ADDED ENTRY--TOPICAL TERM
Topical term or geographic name entry element astronomy
9 (RLIN) 80
650 ## - SUBJECT ADDED ENTRY--TOPICAL TERM
Topical term or geographic name entry element astrophysics
9 (RLIN) 794
650 ## - SUBJECT ADDED ENTRY--TOPICAL TERM
Topical term or geographic name entry element theoretical astrophysics
9 (RLIN) 15234
700 ## - ADDED ENTRY--PERSONAL NAME
Personal name Burbidge, Geoffrey, ed.
700 ## - ADDED ENTRY--PERSONAL NAME
Personal name Sandage, Allan, ed.
9 (RLIN) 9048
700 ## - ADDED ENTRY--PERSONAL NAME
Personal name Shu, Frank H., ed.
942 ## - ADDED ENTRY ELEMENTS (KOHA)
Koha item type Books
Holdings
Withdrawn status Lost status Damaged status Not for loan Home library Current library Shelving location Date acquired Cost, normal purchase price Total Checkouts Full call number Barcode Date last seen Cost, replacement price Price effective from Koha item type Purchase Price
        IIA Library-Bangalore IIA Library-Kavalur General Stacks 10/12/2001 8213.00   047.1:52/ ARA-39 15300 05/11/2021 8213.00 10/12/2001 Books Rs. 8213.00

Powered by Koha